000 00467nam a22001937a 4500
003 MPLRDC
005 20220104123351.0
008 210129b ||||| |||| 00| 0 eng d
020 _a983-9150-11-1
082 _a857.621 HY-4 v.4
100 _a黄易著
245 _a星际浪子. 卷四
_c
250 _a初版
260 _a
_b新华书局有限公司
_c1994
300 _b
490 _a黄易. 玄幻系列
650 _a
942 _cBK
_o857.621 HY-4 v.4
999 _c10858
_d10848